Small-Tooth-Dog

Bibliographic Details
Main Author: CROSSLEY-Holland, Kevin
Format: Book
Published: London : Orchard Books , 1988
Series:Wonder tales
Subjects:

MARC

LEADER 00000cam a2200000 7i4500
001 0000002020
002 000002206
005 20000330.0
020 |a 1852130946 
090 0 0 |a JF   |b CRO 
100 0 |a CROSSLEY-Holland, Kevin 
245 1 0 |a Small-Tooth-Dog   |c Kevin Crossley-Holland illustrated by Peter Melnyczuk 
260 |a London :   |b Orchard Books ,   |c 1988 
300 |a 136p. :   |b ill ;   |c 22cm. 
490 0 |a Wonder tales 
650 0 0 |a Animal fiction 
999 |a 035312   |b BUKU   |c PINJAMAN   |e PERPUSTAKAAN KOMUNITI PETALING JAYA